000 01125 a2200301 4500
003 OSt
005 20180116192348.0
008 120529t xxu||||| |||| 00| 0 eng d
010 _a 2003013542
020 _a1590301056 (Pbk. : alk. paper)
020 _a9781590301050
040 _c0
082 0 0 _a741.2
245 0 0 _a100 creative drawing ideas /
_ccompiled and edited by Anna Held Audette.
246 3 _aOne hundred creative drawing ideas
246 3 _a Hundred creative drawing ideas
260 _aBoston :
_bShambhala,
_c2004.
300 _axii, 241 p. :
_bill. ;
_c24 cm.
650 1 0 _aDrawing
_xTechnique.
_92544
650 1 0 _aSpace and time.
_92545
650 1 0 _a Photography of art.
_92546
700 1 _aAudette, Anna Held.
_92547
856 4 1 _3Table of contents
_uhttp://www.loc.gov/catdir/toc/ecip045/2003013542.html
856 4 1 _3Publisher description
_uhttp://www.loc.gov/catdir/enhancements/fy0661/2003013542-d.html
942 _aSADA
_cBK
_k741.2 ONE 2004
_2ddc
999 _c352820
_d352820